Pontes Lektion 27 - Statistiken

Allgemein
  • Dieses Quiz wurde 14 mal gespielt
  • Das Durchschnittsergebnis liegt bei 9 aus 33
Antwortstatistiken
Latein Stammformen Deutsch % Korrekt
observare observo beobachten
67%
theatrum theatri n. das Theater
50%
omen ominis n. das Vorzeichen
50%
causa der Grund / die Ursache
50%
caput capitis n. der Kopf
50%
sidus sideris n. der Stern / das Sternbild
50%
figura figurae f. die Gestalt / die Figur
50%
frons frontis f. die Vorderseite / die Stirn
50%
verus -a, -um wahr / richtig
50%
praesens Gen. praersintis anwesend
33%
ludus ludi m, das Spiel / das Schauspiel
33%
hospes hospitis m. der Gast / der Fremde
33%
adulescens adulescentis m./f. der junge Mann / die junge Frau
33%
summus -a, -um der oberste / der höchste / oben (auf)
33%
auctor auctoris m. der Veranlasser / der Urheber
33%
re vera in Wahrheit
33%
cottidie Adv. täglich
33%
succedere succedo, successi, successum an die Stelle treten / nachfolgen
17%
aedificare aedifico bauen
17%
princeps principis m. der Fürst / der Erste
17%
medius -a, -um der mittlere / mitten (in)
17%
mea/tua/sua causa meinetwegen / deinetwegen / ihretwegen /seinetwegen
17%
curare curo sich kümmern um (+de) / dafür sorgen, dass (+ut)
17%
ignarus -a, -um unkundig / unwissend
17%
edere edo, edidi, editum veranstalten / herausgeben
17%
incipere incipio, coepi, inceptum anfangen / beginnen
0%
eligere eligo, elegi, electum auswählen
0%
quidam quaedam, quoddam ein bestimmter / ein gewisser ; einige / manche
0%
solere soleo + Inf. gewohnt sein / pflegen / gewöhnlich etw. tun
0%
adicere adicio, adieci, adiectum hinzusetzen / hinzufügen
0%
talis tale so beschaffen / solch ein
0%
persauadere persuadep, persoasi, persuasum überreden (+Dat. +ut) / überzeugen (+ AcI)
0%
quotiens Subj. wie oft / sooft
0%
Keine übereinstimmenden Quizze gefunden
Verteilung der Resultate
Anzahl Personen mit jedem Resultat
Perzentil nach korrekt beantworteten Fragen
Ihre Resultats-Entwicklung
Sie haben dieses Quiz noch nicht gespielt